Algèbre. (Record no. 198200)

MARC details
000 -LEADER
campo de control de longitud fija 01347nam a2200373 i 4500
001 - NÚMERO DE CONTROL
campo de control 198200
003 - IDENTIFICADOR DE NÚMERO DE CONTROL
campo de control ES-MaACL
005 - FECHA Y HORA DE LA ÚLTIMA TRANSACCIÓN
campo de control 20260331163734.0
007 - CAMPO FIJO DE DESCRIPCIÓN FÍSICA--INFORMACIÓN GENERAL
campo de control de longitud fija ta
008 - DATOS DE LONGITUD FIJA--INFORMACIÓN GENERAL
campo de control de longitud fija 260331s1958 fr ||||| |||| 001 0 fre d
040 ## - FUENTE DE CATALOGACIÓN
Centro catalogador/agencia de origen ES-MaACL
Lengua de catalogación spa
Centro/agencia transcriptor ES-MaACL
Normas de descripción rda
080 ## - NÚMERO DE LA CLASIFICACIÓN DECIMAL UNIVERSAL
Número de la Clasificación Decimal Universal 512
100 1# - ENTRADA PRINCIPAL--NOMBRE DE PERSONA
Nombre de persona Bourbaki, Nicolás
Término indicativo de función/relación Autor
9 (RLIN) 30945
Relación aut
245 10 - MENCIÓN DEL TÍTULO
Título Algèbre.
Número de parte o sección de la obra Livre II.
-- Chapitre 3,
Nombre de parte o sección de la obra Algèbre multilinéaire /
Mención de responsabilidad, etc. N. Bourbaki
250 ## - MENCION DE EDICION
Mención de edición Nouvelle édition
264 #1 - PRODUCCIÓN, PUBLICACIÓN, DISTRIBUCIÓN, FABRICACIÓN Y COPYRIGHT
Producción, publicación, distribución, fabricación y copyright Paris :
Nombre del de productor, editor, distribuidor, fabricante Hermann,
Fecha de producción, publicación, distribución, fabricación o copyright 1958
264 #4 - PRODUCCIÓN, PUBLICACIÓN, DISTRIBUCIÓN, FABRICACIÓN Y COPYRIGHT
Producción, publicación, distribución, fabricación y copyright ©1958
300 ## - DESCRIPCIÓN FÍSICA
Extensión 166 páginas ;
Dimensiones 24 cm +
Material acompañante/anejo 1 folleto suelto (4 páginas sin numerar) + fé de erratas suelta (6 páginas)
336 ## - TIPO DE CONTENIDO
Fuente rdacontent
Término de tipo de contenido Texto
337 ## - TIPO DE MEDIO
Fuente rdamedia
Nombre/término del tipo de medio sin mediación
338 ## - TIPO DE SOPORTE
Fuente rdacarrier
Nombre/término del tipo de soporte volumen
490 1# - MENCIÓN DE SERIE
Mención de serie Actualités scientifiques et industrielles ;
Designación de volumen o secuencia 1044
490 1# - MENCIÓN DE SERIE
Mención de serie Éléments de mathématique
500 ## - NOTA GENERAL
Nota general Precede al título: Fascicule VII
500 ## - NOTA GENERAL
Nota general Índices
650 #4 - PUNTO DE ACCESO ADICIONAL DE MATERIA--TÉRMINO DE MATERIA
Fuente del encabezamiento o término embne
9 (RLIN) 9720
Término de materia o nombre geográfico como elemento de entrada Álgebra
700 1# - ENTRADA AGREGADA--NOMBRE PERSONAL
Información de relación Contenida en (obra) :
Nombre de persona Bourbaki, Nicolas.
Título de la obra Élements de mathématique
9 (RLIN) 242753
830 #0 - PUNTO DE ACCESO ADICIONAL DE SERIE-TÍTULO UNIFORME
Título uniforme Actualités scientifiques et industrielles ;
Designación de volumen o secuencia 1044
9 (RLIN) 181441
830 #0 - PUNTO DE ACCESO ADICIONAL DE SERIE-TÍTULO UNIFORME
Título uniforme Éléments de mathématique
9 (RLIN) 242754
852 ## - LOCALIZACIÓN
Ubicación ES-MaACL
Ubicación en estantería Despachos-biblioteca
Número de control de estantería P-521
Encuadernación Encuadernación rústica
942 ## - ELEMENTOS DE ENTRADA SECUNDARIOS (KOHA)
Tipo de ítem Koha Libro impreso
Suprimir en OPAC No
Holdings
Estatus retirado Estado de pérdida Fuente del sistema de clasificación o colocación Estado de daño No para préstamo Biblioteca de origen Biblioteca actual Ubicación en estantería Fecha de adquisición Fuente de adquisición Total de préstamos Signatura topográfica completa Código de barras Visto por última vez Precio de reemplazo Tipo de ítem Koha
    Clasificación decimal universal     Biblioteca del Ateneo de Madrid Biblioteca del Ateneo de Madrid Despachos-biblioteca 31/03/2026 Donación   P-521 2026-0176 31/03/2026 31/03/2026 Libro impreso